Memories of Malgudi / (Record no. 234083)

000 -LEADER
fixed length control field 01115cam a22003137a 4500
001 - CONTROL NUMBER
control field 12485209
003 - CONTROL NUMBER IDENTIFIER
control field Nust
005 - DATE AND TIME OF LATEST TRANSACTION
control field 20170313131902.0
008 - FIXED-LENGTH DATA ELEMENTS--GENERAL INFORMATION
fixed length control field 001124s2000 ii 000 0 eng
010 ## - LIBRARY OF CONGRESS CONTROL NUMBER
LC control number 00403545
020 ## - INTERNATIONAL STANDARD BOOK NUMBER
International Standard Book Number 9780141002453
025 ## - OVERSEAS ACQUISITION NUMBER
Overseas acquisition number I-E-00-403545; 27
035 ## - SYSTEM CONTROL NUMBER
System control number (DLC) 00403545
037 ## - SOURCE OF ACQUISITION
Source of stock number/acquisition Library of Congress -- New Delhi Field Office
Terms of availability Rs495.00
040 ## - CATALOGING SOURCE
Original cataloging agency DLC
Transcribing agency DLC
042 ## - AUTHENTICATION CODE
Authentication code lcode
050 00 - LIBRARY OF CONGRESS CALL NUMBER
Classification number MLCM 2001/02987 (P)
-- PR9499.3.N3
082 ## - DEWEY DECIMAL CLASSIFICATION NUMBER
Classification number 823.912
Author Mark MAR
100 1# - MAIN ENTRY--PERSONAL NAME
Personal name Narayan, R. K.,
Dates associated with a name 1906-2001.
245 10 - TITLE STATEMENT
Title Memories of Malgudi /
Statement of responsibility, etc. R.K. Narayan ; edited with an introduction by S. Krishnan.
260 ## - PUBLICATION, DISTRIBUTION, ETC.
Place of publication, distribution, etc. New Delhi ;
-- New York, NY :
Name of publisher, distributor, etc. Viking,
Date of publication, distribution, etc. 2000.
300 ## - PHYSICAL DESCRIPTION
Extent xv, 779 p. ;
Dimensions 23 cm.
500 ## - GENERAL NOTE
General note Novels.
505 0# - FORMATTED CONTENTS NOTE
Formatted contents note The dark room -- The English teacher -- Waiting for the Mahatma -- The guide -- The world of Nagaraj.
650 #0 - SUBJECT ADDED ENTRY--TOPICAL TERM
Topical term or geographic name entry element Malgudi (India : Imaginary place)
General subdivision Fiction.
700 1# - ADDED ENTRY--PERSONAL NAME
Personal name Krishnan, S.,
Dates associated with a name 1925-
906 ## - LOCAL DATA ELEMENT F, LDF (RLIN)
a 7
b cbc
c origode
d 5
e ncip
f 20
g y-gencatlg
942 ## - ADDED ENTRY ELEMENTS (KOHA)
Source of classification or shelving scheme
Koha item type Book
Holdings
Withdrawn status Lost status Source of classification or shelving scheme Damaged status Not for loan Collection code Permanent Location Current Location Shelving location Date acquired Total Checkouts Full call number Barcode Date last seen Copy number Price effective from Koha item type
            Central Library (CL) Central Library (CL) Fiction 03/13/2017   823.912 MAR CL886 03/13/2017 1 03/13/2017 Book
© 2023 Central Library, National University of Sciences and Technology. All Rights Reserved.